Wrestlers By Picture 34: 80's Tag Teams - Statistics

General Stats
  • This quiz has been taken 67 times
  • The average score is 11 of 16
Answer Stats
Picture Answer % Correct
The Hart Foundation
95%
The Bushwhackers
89%
The Road Warriors
89%
The British Bulldogs
84%
The Demolition
82%
The Rockers
82%
The Von Erich Brothers
74%
The Fabulous Freebirds
73%
The Wild Samoans
73%
The Midnight Express
56%
The Rock N' Roll Express
56%
The Brain Busters
55%
The Fabulous Rougeaus
55%
The Killer Bees
53%
Strike Force
52%
The U.S. Express
42%
No matching quizzes found
Score Distribution
Percent of People with Each Score
Percentile by Number Answered
Your Score History
You have not taken this quiz